Pigs have Wings / (Record no. 186762)
[ view plain ]
| 000 -LEADER | |
|---|---|
| fixed length control field | 00350 a2200157 4500 |
| 003 - CONTROL NUMBER IDENTIFIER | |
| control field | Nust |
| 005 - DATE AND TIME OF LATEST TRANSACTION | |
| control field | 20230123121427.0 |
| 040 ## - CATALOGING SOURCE | |
| Transcribing agency | Nust |
| 082 ## - DEWEY DECIMAL CLASSIFICATION NUMBER | |
| Classification number | 808.83,WOD |
| 100 ## - MAIN ENTRY--PERSONAL NAME | |
| Personal name | Wodehouse.P.G |
| 9 (RLIN) | 107401 |
| 245 ## - TITLE STATEMENT | |
| Title | Pigs have Wings / |
| Statement of responsibility, etc. | P .G Wodehouse |
| 260 ## - PUBLICATION, DISTRIBUTION, ETC. | |
| Place of publication, distribution, etc. | London |
| Name of publisher, distributor, etc. | Penguin Book |
| 300 ## - PHYSICAL DESCRIPTION | |
| Extent | 234:p |
| 650 ## - SUBJECT ADDED ENTRY--TOPICAL TERM | |
| Topical term or geographic name entry element | Novel |
| 9 (RLIN) | 2525 |
| 942 ## - ADDED ENTRY ELEMENTS (KOHA) | |
| Source of classification or shelving scheme | |
| Koha item type | Book |
| Withdrawn status | Lost status | Source of classification or shelving scheme | Damaged status | Not for loan | Permanent Location | Current Location | Shelving location | Date acquired | Shelving control number | Total Checkouts | Full call number | Barcode | Date last seen | Date last checked out | Price effective from | Koha item type | Public note |
|---|---|---|---|---|---|---|---|---|---|---|---|---|---|---|---|---|---|
| Military College of Signals (MCS) | Military College of Signals (MCS) | Fiction | 12/12/2016 | English Literature | 1 | 808.83,WOD | MCS30026 | 09/18/2024 | 09/05/2024 | 12/12/2016 | Book | Almirah No.57, Shelf No.3 |
